| 000 | 00480nam a2200169 i 4500 | ||
|---|---|---|---|
| 001 | 108788 | ||
| 003 | ES-MaACL | ||
| 005 | 20230906184717.0 | ||
| 007 | t| | ||
| 008 | 061121s1969 sp r ||||1| spa d | ||
| 100 | 1 |
_aMontoto, Santiago. _982701 |
|
| 245 | 1 | 0 |
_aFernán Caballero / _cSantiago Montoto. |
| 260 |
_aSevilla : _b[s.n.], _c1969 ( _fGráf. Sur) |
||
| 300 |
_a402 p. 15 lám. ; _c22 cm. |
||
| 600 | 0 | 4 |
_aCaballero, Fernán. _933079 |
| 852 |
_aES-MaACL _jC-38770 _bR.69608 |
||
| 999 |
_c108788 _d108788 |
||